Principles of Real Estate Management
| Main Author: | |
|---|---|
| Format: | Book |
| Published: |
Chicago :
IREM ,
1980
|
| Edition: | 12th. ed. |
| Subjects: |
MARC
| LEADER | 00000cam a2200000 7i4500 | ||
|---|---|---|---|
| 001 | 0000009588 | ||
| 005 | 20161027.0 | ||
| 020 | |a 0912104430 | ||
| 040 | |a INS | ||
| 090 | 0 | 0 | |a HD1394. |b P74 |
| 100 | 1 | |a Downs, James C. | |
| 245 | 1 | 0 | |a Principles of Real Estate Management |c by James C. Downs |
| 250 | |a 12th. ed. | ||
| 260 | |a Chicago : |b IREM , |c 1980 | ||
| 300 | |a 386p. | ||
| 650 | 0 | 0 | |a Property management |
| 650 | 0 | 0 | |a Real estate management |
| 999 | |a 0000024105 |b BOOK |c Open Shelf |e Default branch | ||